000 01001cad a22002415a 4500
001 E148241
008 090821s2008 xxk f s000 0 eng d
020 _a9780755969579
035 _a(Sirsi) u148241
041 0 _aeng
050 0 4 _a306.1 $2 18
100 2 _aBevan, Mark
245 0 0 _aHousing issues for older people in rural areas
_h[electronic resource]
260 _aEdinbugh
_bScottish Government Social Research
_c2008
520 _aLooks at older people's housing and support needs in rual Scotland, and discusses policies which might be appropriate to deal with these. Examines population trends, housing issues, and services for older people.
521 _aAdvanced
590 _aKA
651 4 _aScotland
_y1999-
690 _aPROPERTY-RESIDENTIAL PROPERTY-DOMESTIC RESIDENTIAL PROPERTY-HOUSING
700 1 _aCroucher, Karen
856 4 0 _uhttps://www.scotland.gov.uk/Publications/2008/01/17120038/0
_zView the consultation free of charge at www.scotland.gov.uk...
942 _n0
999 _c109969
_d109969